Countries by Historical Figures #2 - Statistics

General Stats
  • This quiz has been taken 1,026 times
  • The average score is 14 of 20
Answer Stats
Hint Answer % Correct
Genghis Khan, Kublai Khan Mongolia
99%
Abraham Lincoln, Elvis Presley United States
99%
Ho Chi Minh, Gia Long Vietnam
95%
Pablo Picasso, Queen Isabella I Spain
94%
Vincent van Gogh, Mata Hari Netherlands
93%
Simón Bolívar, Pablo Escobar Colombia
86%
Muammar Gaddafi, King Idris I Libya
86%
Mustafa Kemal Atatürk, Suleiman I Turkey
81%
Archduke Franz Ferdinand, Joseph Haydn Austria
80%
Erik the Red, Roald Amundsen Norway
80%
King Solomon, David Ben-Gurion Israel
78%
Leon Trotsky, Vladimir the Great Ukraine
75%
José de San Martín, Che Guevara Argentina
73%
Nikola Tesla, Josip Tito Croatia
72%
Antonio López, Frida Kahlo Mexico
72%
Haile Selassie I, Queen of Sheba Ethiopia
68%
Akbar the Great, Mohammed Ali Jinnah Pakistan
44%
Andrew "Banjo" Paterson, Eddie Mabo Australia
37%
Andrés Bonifacio, Sultan Dipatuan Kudarat Philippines
19%
Léopold Senghor, Phillis Wheatley Senegal
11%
No matching quizzes found
Score Distribution
Percent of People with Each Score
Percentile by Number Answered
Your Score History
You have not taken this quiz